| 000 | 00512nam a2200169Ia 4500 | ||
|---|---|---|---|
| 008 | 251210s2025 xx 000 0 und d | ||
| 020 | _a9789390619672 | ||
| 041 | _aeng | ||
| 082 | _a610.7368 MAG | ||
| 100 | _aMagendran, J. and Phaharaj, Manisha | ||
| 245 | _aEssentials of forensic nursing and Indian laws for B.Sc nursing students : As per INC syllabus | ||
| 250 | _a1st ed. | ||
| 260 |
_aNew Delhi _bCBS publishers and Distributors _c2025 |
||
| 300 | _a202p | ||
| 365 | _cRS | ||
| 650 | _aForensic Nursing | ||
| 999 |
_c64113 _d64113 |
||